BIBLIOGRAPHY OF DOCTORAL DISSERTATIONS SOCIAL SCIENCE 2015 (Record no. 5694)

MARC details
000 -LEADER
fixed length control field 00415nam a22001457a 4500
005 - DATE AND TIME OF LATEST TRANSACTION
control field 20180529114420.0
008 - FIXED-LENGTH DATA ELEMENTS--GENERAL INFORMATION
fixed length control field 180529b xxu||||| |||| 00| 0 eng d
020 ## - INTERNATIONAL STANDARD BOOK NUMBER
ISBN 81-7520-141-X
041 ## - LANGUAGE CODE
Language code of text/sound track or separate title eng
100 ## - MAIN ENTRY--AUTHOR NAME
Personal name SINGH, YOUD VIR AND OTHERS
245 ## - TITLE STATEMENT
Title BIBLIOGRAPHY OF DOCTORAL DISSERTATIONS SOCIAL SCIENCE 2015
260 ## - PUBLICATION, DISTRIBUTION, ETC. (IMPRINT)
Place of publication NEW DELHI
Name of publisher ASSOCIATION OF INDIAN UNIVERSITY
Year of publication 2017
300 ## - PHYSICAL DESCRIPTION
Number of Pages 99P,
942 ## - ADDED ENTRY ELEMENTS (KOHA)
Koha item type Books
Holdings
Lost status Damaged status Collection code Home library Current library Shelving location Date acquired Cost, normal purchase price Accession Number Koha item type
    LIFE SKILL JRU Library JRU Library SHELF-103-H 29/05/2018 240.00 22341 Books